000 00480nam a2200193Ia 4500
003 GCL
008 140319s9999 xx 000 0 eng d
040 _aGCL /
_cGCL
082 0 4 _a709.92
_bC H
100 1 _aCASE, CAROLINE
245 1 0 _aTHE HANDBOOK OF ART THERAPY /
_cCASE, CAROLINE
700 1 _aDALLY, TESSA
260 _a[S.N] :
_bROUTLEDGE ،
_c1993
300 _a261
650 0 4 _aART THERAPY
650 0 4 _aARTS
650 0 4 _aHISTORY AND CRITICISM
942 _2ddc
_cBK
999 _c17450
_d17450